Women problems and their oppression in U. P. : (Record no. 42563)

MARC details
000 -LEADER
fixed length control field 00801nam a22002057a 4500
005 - DATE AND TIME OF LATEST TRANSACTION
control field 20100819144342.0
010 ## - LCCN (DPL NO)
LC control number ENG-100980
020 ## - INTERNATIONAL STANDARD BOOK NUMBER
International Standard Book Number 9788131304709
Terms of availability 495.00
035 ## - SYSTEM CONTROL NUMBER
System control number EN-84513
037 ## - SOURCE OF ACQUISITION
Source of stock number/acquisition DBAD/PUB
082 ## - DEWEY DECIMAL CLASSIFICATION NUMBER
Classification number 301.412
100 ## - MAIN ENTRY--PERSONAL NAME
Personal name Nirula
245 ## - TITLE STATEMENT
Title Women problems and their oppression in U. P. :
Remainder of title a study in the mental attitudes of the society (1900-1950) /
Statement of responsibility, etc by Nirula
260 ## - PUBLICATION, DISTRIBUTION, ETC. (IMPRINT)
Place of publication, distribution, etc New Delhi
Name of publisher, distributor, etc A P H Publishing Corporation
Date of publication, distribution, etc 2009
270 ## - ADDRESS
Address 4435-36/7, Ansari Road, Darya Ganj
City New Delhi
Postal code 110002
300 ## - PHYSICAL DESCRIPTION
Extent xxv,152p.:
Other physical details ill.
Dimensions 22cm (Hb)
500 ## - GENERAL NOTE
General note Includes index
942 ## - ADDED ENTRY ELEMENTS (KOHA)
Source of classification or shelving scheme Dewey Decimal Classification
Item type English Books
Classification part 301.412
Call number suffix NIR
Holdings
Withdrawn status Lost status Not for loan Collection code Home library Current library Date acquired Source of acquisition Cost, normal purchase price Full call number Barcode Copy number Cost, replacement price Koha item type
    Not For Loan Non-fiction D.B.Act.Division D.B.Act.Division 19/08/2010 DBAD/PUB 495.00 301.412 NIR EN-84513 1 495.00 English Books

© Delhi Public Library
Hit Counter
free hit counter